Sports Quiz

Random Sports or Basketball Quiz

Texas alumni in NBA (2010) Quiz Stats

Quiz not verified by Sporcle

Challenge
Share
Tweet
Embed
Score 0/9 Timer 02:00
0 Plays Today
year player % Correct
(2006-2007)Kevin Durant
94.3%
(2004-2006)Lamarcus Aldridge
85.6%
(2006-2008)D.J Augustin
74.1%
(2001-2003)T.J Ford
69.5%
(2004-2006)Daniel Gibson
51.7%
(2009-2010)Avery Bradley
41.4%
(2006-2010)Dexter Pittman
39.1%
(2006-2010)Damion James
34.5%
(1997-2001)Maurice Evans
11.5%

You're not logged in!

Compare scores with friends on all Sporcle quizzes.
Sign Up with Email
OR
Log In

You Might Also Like...

Show Comments

Extras

Top Quizzes Today


Score Distribution

Your Account Isn't Verified!

In order to create a playlist on Sporcle, you need to verify the email address you used during registration. Go to your Sporcle Settings to finish the process.

Report this User

Report this user for behavior that violates our Community Guidelines.

Details: